00566 2200229 4500001002100000005001500021035002000036245007500056100001800131250000700149300003000156700001500186260003500201082001100236084001700247020001800264600001800282990000900300990000900309990000900318990000900327INLIS00000000000002220251006100210 a0010-10250000081 aGampang Menulis Huruf Arab menggunakan microsoft Word /cMardiana Wati0 aMardiana Wati a1. aviii + 136 hlm. ;c20 cm.0 aA.R. Rizky aBandung :bYrama Widya,c2012. a005.36 a005.36 MAR g a9789790774322 4aMardiana Wati a1472 a1473 a1474 a1475